000 00458nam a2200181Ia 4500
008 170705s9999 xx 000 0 und d
020 _a9780545493055
245 _aMonster stew /
245 _cStephanie Greene ; illustrated by Stephanie Roth Sisson.
260 _aNew York :
260 _bScholastic,
260 _c2012
300 _a83 pages :
300 _bcolor illustration ;
300 _c19cm.
440 _aPrincess Posey.
500 _a350
999 _c335607
_d335607